000 00946nam a22003017a 4500
003 CHAP
005 20220817041517.0
008 971013s1971 r 00010 d
010 _a16585
011 _a17557
035 _a21640
040 _cCHAP
082 _a338.9
_bJ3
100 0 0 _aJackson, W. A. Douglas
_eed.
_960832
245 _aAgrarian policies and problems in communist and non-communist countries
260 _aSeattle :
_bUniversity of Washington,
_c1971
300 _a488 p
590 _aBATCH-UPD
_b10
_c20130110
_lUCH01
_h1024
590 _aBATCH-UPD
_b10
_c20130410
_lUCH01
_h0629
590 _aBATCH-UPD
_b10
_c20130914
_lUCH01
_h1149
590 _aCONVERSION
_b10
_c20130109
_lUCH01
_h1310
650 1 4 _aDesarrollo económico.
650 1 4 _aPolítica agrícola.
_990283
650 1 4 _aPolítica económica.
901 _aBK
942 _cLIBRO
949 _a338.9 J3
_bBC
_cLIBRO
_d33724000277794
_eLIBRO
_h30575
_i21640
_si
_t225.00
999 _c16585
_d16585